| 000 | 00497cam a2200193ua 4500 | ||
|---|---|---|---|
| 001 | 3559 | ||
| 005 | 20260515113711.0 | ||
| 008 | 111117n ii |||gr||||Z||||||asm | ||
| 040 | _cMAIN | ||
| 082 | _a891.4513 | ||
| 100 | 1 |
_aGohain, Hiren, _eAuthor. |
|
| 245 | 1 | 1 |
_aUpanyasar adhunik samaluchana _cby Hiren Gohain |
| 250 | _a1st. | ||
| 260 |
_aGuwahati: _bL. B. S. Publication,988. |
||
| 300 |
_a55p: _c23cm. |
||
| 653 | _aAssamese novel | ||
| 653 | _aUpanyasar adhunik samaluchana | ||
| 942 | _cBK | ||
| 999 |
_c3398 _d3398 |
||